MDQL
is popping MORE tags! Check the
thread
!
Quizzes
Events
Quiz Creation
Community
Videos
Private Events
Remove Ads
Sign In
Join for FREE
Feedback
Dark Mode
Quiz Categories
Sports
Geography
Music
Movies
Television
Just For Fun
Miscellaneous
History
Literature
Language
Science
Gaming
Entertainment
Religion
Holiday
For Kids
Quiz Lab
Recent
Popular Today
Quiz Kudos Today
Editor Picks
Curator Picks
Quizzes by...
Day
Popularity
Type
Ratings
Length
Year
Community
Subscriptions
Recent Discussions
Orange Saloon
Badges
Playlists
Quests
Create
Leaderboards
Showdown
Live 5
Trivia Bingo
Activity
Puzzle Library
Sporcle Events
Private Events
Virtual Trivia
Globe League
Become a Host
Pub Owners
SporcleCon
Opinionation
Our Games
Videos
Blog
Mobile Apps
Partnerships
Remove Ads and Go Orange
Feedback
Sports
Athletes
MLB
NBA
NHL
NFL
Soccer
Sports Teams
WWE
NCAA
Football
Premier League
Basketball
Baseball
Hockey
Golf
Tennis
Cricket
Rugby
Auto Racing
Olympics
World Cup
Sports
Athletes
MLB
NBA
NHL
NFL
Soccer
Sports Teams
WWE
NCAA
Football
Premier League
Basketball
Baseball
Hockey
Golf
Tennis
Cricket
Rugby
Auto Racing
Olympics
World Cup
Random Quiz
Search Sporcle
×
Quiz Lab
Quiz Lab
Sports
Football
Type in answers that appear in a list
Type in answers that appear in a list
Classic
Best Score? Go Orange.
Creighton Football Opponents Stats
Can you name the Creighton Football Opponents?
By
plvcolin
10m
86 Questions
84 Plays
84 Plays
84 Plays
Comments
Comments
Give Quiz Kudos
Give Quiz Kudos
-
- Ratings
hide this ad
More Info
Replay
Link that replays current quiz
Next Quiz
Link to next quiz in quiz playlist
You Got
0%
They Got
Avg Score
24%
Avg Friend Score
Upgrade to see
Score Distribution
Jump to the score distribution portion of the page
Score
0/86
Timer
10:00
0
Plays Today
Last Meeting
Teams
% Correct
1906
Nebraska
94%
1920
Iowa State
81%
1933
Kansas
79.8%
1937
Kansas State
78.6%
1940
South Dakota
71.4%
1928
Minnesota
70.2%
1929
North Dakota
67.9%
1925
Colorado
66.7%
1942
Drake University (IA)
65.5%
1929
Oklahoma
64.3%
1938
North Dakota State
63.1%
1942
Oklahoma State
60.7%
1940
Northern Iowa
56%
1934
South Dakota State
54.8%
1942 (Last Game)
Tulsa
54.8%
1913
Nebraska - Omaha
52.4%
1915
Notre Dame
52.4%
1942
Texas Tech
51.2%
1940
Wichita State
51.2%
1932
Wyoming
50%
1940
Marquette
46.4%
1942
Washington (MO)
46.4%
1928
Utah
45.2%
1916
Denver (CO)
44%
1942
St. Louis
42.9%
1934
Idaho
41.7%
1923
Michigan State
39.3%
1922
Nebraska Wesleyan
34.5%
1906
Doane (NE)
31%
Last Meeting
Teams
% Correct
1937
Grinnell (IA)
28.6%
1935
Rice
28.6%
1939
Loyola (LA)
27.4%
1931
Nebraska - Kearney
27.4%
1942
Xavier
23.8%
1941
Detroit (MI)
22.6%
1925
Morningside (IA)
20.2%
1917
Peru State
17.9%
1938
West Virginia
17.9%
1934
Haskell Institute (KS)
16.7%
1906
Cornell College (IA)
15.5%
1939
Washburn (KS)
15.5%
1922
Iowa Wesleyan
14.3%
1914
Bellevue College (NE)
13.1%
1919
Colorado College
13.1%
1940
Colorado School of Mines
13.1%
1930
St. Mary's (KS)
13.1%
1931
Baker (KS)
10.7%
1926
Des Moines (IA)
10.7%
1915
St. Thomas (MN)
10.7%
1936
Hardin-Simmons (TX)
7.1%
1940
San Francisco
7.1%
1941
Centenary (LA)
6%
1942
Colorado Springs AFB (CO)
6%
1910
Creighton Alumni (NE)
6%
1922
Dakota Wesleyan (SD)
6%
1926
Regis (CO)
6%
1941
Benedictine (KS)
4.8%
1920
Simpson (IA)
4.8%
Last Meeting
Teams
% Correct
1916
Friends (KS)
3.6%
1941
Loyola Marymount
3.6%
1903
Omaha HS
3.6%
1908
Ottawa (KS)
3.6%
1912
Tarkio (MO)
3.6%
1920
Yankton (SD)
3.6%
1906
Council Bluffs HS (IA)
2.4%
1942
Fort Riley (KS)
2.4%
1926
John Carroll (OH)
2.4%
1917
Loras (IA)
2.4%
1925
Midland Lutheran (NE)
2.4%
1910
South Dakota Tech
2.4%
1914
Grand Island College (NE)
1.2%
1922
Hamline (MN)
1.2%
1901
Lincoln Medical College (NE)
1.2%
1903
Omaha All-Stars
1.2%
1902
Omaha Medical College
1.2%
1901
Tabor (IA)
1.2%
1907
Amity College (IA)
0%
1900
Atlantic (IA)
0%
1917
Cotner (NE)
0%
1903
Dodge Light Guard (IA)
0%
1905
Fort Crook (NE)
0%
1903
Genoa Indian School (NE)
0%
1916
Highland Park (IA)
0%
1902
Omaha Commercial Club
0%
1911
Westmar (IA)
0%
1901
Woodbine Normal School (IA)
0%
Quiz Playlist
Details
Report
Send in Message
Add To Playlist
More Info:
The opponents of a now defunct college football program. All time record: 187-143-28
Classic:
Type in answers that appear in a list
Quiz Source
Last Updated: Feb 16, 2017
Quiz Scoreboard
CHALLENGE
Sign Up to Join the Scoreboard
Show All
Scores
Hide
Comments
May contain spoilers
Recently Published
5x2 Blitz: Bands
by SL_Kpop136
Music
30s
Colored Red Africa Blitz
by spor1
Geography
30s
Find the 'City' Movie
by crazypaving
Movies
60s
More to Explore
Quiz From the Vault
Featured Blog Post
14 Easter Pick-up Lines to Find Eggs With
hide this ad
You Might Also Like...
Tags
Football Quiz
creighton
nebraska
Toronto Blue Jays
Today's Top Quizzes in Sports
Browse Sports
hide this ad
Today's Top Quizzes in Football
Browse Football
Top Contributed Quizzes in Sports
1
Les entraîneurs de l'OM et du PSG au 21e siècle
2
Les meilleurs buteurs des matchs entre le PSG et l’OM
3
Players with Multiple 50 Home Run Seasons
4
2022 World Cup Stars
5
Les joueurs passés par le PSG et l'OM
6
NBA Logic Puzzle 2.0
7
Criteria MLB: Left Handed Sluggers
8
MLB Players with Two .350 Batting Average Seasons
9
Top 10 NHL Goal Scorers of All Time
10
Who Hit More Homers?
Explore More
Trending Topics
Crossword
Harry Potter
Disney
Kpop
Anime
Marvel
NBA
Song
Puzzle
Pokémon
NFL
The Office
Country
WWE
Soccer
hide this ad
More By:
plvcolin
Quiz
Plays
Rating
Category
Featured
Created
Top 15 Nebraska Football Opponents
1,393
4.00
Sports
Mar 2, 2011
Division 1 Basketball Cities
1,378
4.35
Geography
Mar 18, 2011
Nebraska High Schools
417
3.00
Just For Fun
Feb 16, 2011
Nebraska Rivers
305
5.00
Geography
Feb 13, 2011
Nebraska Colleges & Universities
286
5.00
Just For Fun
Feb 16, 2011
Go to Creator's Profile
Score Distribution
Quiz Creator Spotlight
plvcolin
Follow
Send a Message
Quizzes Created
-
Created Quiz Play Count
-
More By This Creator
Popular Quizzes Today
1
Colored Red Africa Blitz
2
Find the 'City' Movie
3
Find the US States - No Outlines Minefield
4
5x2 Blitz: Bands
5
The Countries of the World
6
Find the US States
7
Find the Countries of Europe - No Outlines Minefield
8
US States
More Sports Quizzes
Premier League Winners - I
Quiz Lab
Trending Quizzes
Colored Red Europe Blitz I
Colored Red Europe Blitz II
Colored Red Africa Blitz II
Colored Red Europe Blitz III
Colored Red Africa Blitz III
Recently Updated
How Do You Spell That?
pecheneg
Godzilla Movies
pecheneg
Grab Bag: 4-10 Letters
pecheneg
2024 March Madness Bracket
pecheneg
Famous TV Couples
Peacemaker
Champions League XIs: Real Madrid
pecheneg
Largest US Cities 1790-2010
pecheneg
Rides in Walt Disney World
pecheneg
Most Oscar Losses (Acting)
pecheneg
Beyoncé Albums
pecheneg
Trending Topics
NBA
Kpop
Crossword
Marvel
Anime
Harry Potter
Disney
WWE
Puzzle
The Office
Soccer
Pokémon
Song
Country
NFL
Your Account Isn't Verified!
In order to create a playlist on Sporcle, you need to verify the email address you used during registration. Go to your
Sporcle Settings
to finish the process.
Report this User
Report this user for behavior that violates our
Community Guidelines
.
Details:
Send Report
Go to the Sporcle.com Mobile Site →
Comments